| 000 | 00435nam a22001817a 4500 | ||
|---|---|---|---|
| 005 | 20200518142845.0 | ||
| 008 | 200518b xxu||||| |||| 00| 0 eng d | ||
| 020 | _a9789384875237 | ||
| 041 | _aeng | ||
| 082 | _a615.7 MEH | ||
| 100 |
_aMehta Rina Das _95538 |
||
| 245 | _aMEDICINAL CHEMISTRY-ii | ||
| 250 | _a1'ST | ||
| 260 |
_aModinagar (UP) _bUnnati Publication _c2018 |
||
| 300 | _a192 | ||
| 650 |
_aPharmacy _95539 |
||
| 942 | _cBK | ||
| 999 |
_c6288 _d6286 |
||